000 00290nam a22001337a 4500
008 170612b xxu||||| |||| 00| 0 eng d
020 _a9780393976427
041 _aeng
080 _25TH
_a93
100 _a19
101 _ashh
245 _aTHE EUROPEAN ERA
_cGILBERT, F
942 _2udc
_cBK
999 _c16994
_d16994